Onshore wind energy planning conditions guidance note (Record no. 107634)
[ view plain ]
| 000 -LEADER | |
|---|---|
| fixed length control field | 01402cad a22002055a 4500 |
| 001 - CONTROL NUMBER | |
| control field | L141369 |
| 008 - FIXED-LENGTH DATA ELEMENTS--GENERAL INFORMATION | |
| fixed length control field | 071119s2007 xxk f f000 0 eng d |
| 035 ## - SYSTEM CONTROL NUMBER | |
| System control number | (Sirsi) u141369 |
| 041 0# - LANGUAGE CODE | |
| Language code of text/sound track or separate title | eng |
| 050 04 - LIBRARY OF CONGRESS CALL NUMBER | |
| Classification number | 333.72 $2 18 |
| 110 1# - MAIN ENTRY--CORPORATE NAME | |
| Corporate name or jurisdiction name as entry element | United Kingdom |
| Subordinate unit | Department for Business, Enterprise and Regulatory Reform |
| 9 (RLIN) | 5262 |
| 245 00 - TITLE STATEMENT | |
| Title | Onshore wind energy planning conditions guidance note |
| Remainder of title | a report for the Renewables Advisory Board and BERR, October 2007 |
| Medium | [electronic resource] |
| 260 ## - PUBLICATION, DISTRIBUTION, ETC. | |
| Place of publication, distribution, etc. | London |
| Name of publisher, distributor, etc. | BERR |
| Date of publication, distribution, etc. | 2007 |
| 520 ## - SUMMARY, ETC. | |
| Summary, etc. | Provides a planning guidance tool specific to wind energy developments. Aims to allow a condition to be attached to developments where the granting permission would otherwise be unsuitable. Presents six criteria which should apply to any such condition. The planning condition should be necessary; relevant to planning; relevant to the development; enforceable; precise; and reasonable. The guidance, which is not intended to be definitive, is aimed at Local Planning Authorities and similar bodies, consultees, objector groups, developers, potential wind developers and other stakeholders. |
| 590 ## - LOCAL NOTE (RLIN) | |
| Local note | KA |
| 651 #4 - SUBJECT ADDED ENTRY--GEOGRAPHIC NAME | |
| Geographic name | United Kingdom |
| Chronological subdivision | |
| 690 ## - LOCAL SUBJECT ADDED ENTRY--TOPICAL TERM (OCLC, RLIN) | |
| Topical term or geographic name as entry element | ENVIRONMENTAL AND LAND CONSULTANCY-ENERGY-RENEWABLE ENERGY |
| 856 40 - ELECTRONIC LOCATION AND ACCESS | |
| Uniform Resource Identifier | <a href="https://webarchive.nationalarchives.gov.uk/+/http:/www.berr.gov.uk/files/file35240.pdf">https://webarchive.nationalarchives.gov.uk/+/http:/www.berr.gov.uk/files/file35240.pdf</a> |
| Public note | View the item free of charge at berr.gov.uk |
| 942 ## - ADDED ENTRY ELEMENTS (KOHA) | |
| Suppress in OPAC | 0 |
| Withdrawn status | Lost status | Source of classification or shelving scheme | Damaged status | Not for loan | Home library | Current library | Shelving location | Date acquired | Total Checkouts | Full call number | Barcode | Date last seen | Copy number | Price effective from | Koha item type |
|---|---|---|---|---|---|---|---|---|---|---|---|---|---|---|---|
| Dewey Decimal Classification | Virtual | Virtual | Online | 19/11/2007 | ONLINE PUBLICATION | 141369-1001 | 06/08/2019 | 1 | 06/08/2019 | Book |